000 00559nam a22001937a 4500
999 _c11821
_d11821
003 AR-CdUCM
008 190405b ||||| |||| 00| 0 spa d
040 _aMUNICIPALIDAD PROVINCIAL DEL CUSCO
_cBIBLIOTECA MUNICIPAL DEL CUSCO
082 _a869.56 /
_bM39 / 1962
100 _aMejia Valera, Manuel
_929378
245 _aEl discípulo /
260 _aLima :
_bIcaro,
_c1962.
300 _a20 páginas ;
_c14 cm.
505 _aRelato breve.
650 _aRelato.
_9294
650 _aRelato Limeño.
_929379
942 _2ddc
_cLIBROS
945 _awfj
_d2019-04-05